00748nam a2200241Ia 4500008004000000020001500040041000800055082001300063100002200076245005900098260006200157650001100219650001200230650001300242650001200255650000700267650001700274650000800291690001700299906001100316999001900327952016000346210210b2005 xxu||||| |||| 00| 0 eng d a0070586152 aeng a576 ALCS aALCAMO (I Edward) aSchaums outline of theory and problems of microbiology aNew DelhibTata McGraw-Hill Publishing Company Ltd.c2005 atheory aSchaums aproblems aoutline aof amicrobiology aand aMicrobiology a063481 c136337d136337 001040708MicrobiologyaALbALcMicrobiologyd2021-02-17eHigginbothams Private Limitedg225.00l0o576 ALCSp063481r2021-02-17 00:00:00w2021-02-17yBK